Statistics for Counties of Louisiana

Click here to take the quiz!

General Stats

  • This quiz has been taken 4 times
  • The average score is 36 of 64

Answer Stats

Answer% Correct
Franklin
100%
Grant
100%
Jackson
100%
Jefferson
100%
Jefferson Davis
100%
Lincoln
100%
Madison
100%
Acadia
67%
Allen
67%
Ascension
67%
Assumption
67%
Avoyelles
67%
Beauregard
67%
Bienville
67%
Bossier
67%
Caddo
67%
Calcasieu
67%
Caldwell
67%
Cameron
67%
Catahoula
67%
Claiborne
67%
De Soto
67%
East Baton Rouge
67%
East Carroll
67%
East Feliciana
67%
Evangeline
67%
Lafayette
67%
Lafourche
67%
La Salle
67%
Livingston
67%
Natchitoches
67%
Ouachita
67%
Plaquemines
67%
Pointe Coupee
67%
Rapides
67%
Red River
67%
Richland
67%
Sabine
67%
St. Bernard
67%
St. Charles
67%
St. James
67%
St. Martin
67%
St. Mary
67%
St. Tammany
67%
Concordia
33%
Iberia
33%
Iberville
33%
Morehouse
33%
Orleans
33%
St. Helena
33%
St. Landry
33%
Tensas
33%
Union
33%
Washington
33%
Webster
33%
West Baton Rouge
33%
West Carroll
33%
West Feliciana
33%
St. John the Baptist
0%
Tangipahoa
0%
Terrebonne
0%
Vermilion
0%
Vernon
0%
Winn
0%

Score Distribution

Percentile by Number Answered

Percent of People with Each Score

Your Score History

You have not taken this quiz